书目信息 |
| 题名: |
赴澳大利亚留学指南
|
|
| 作者: | 胡本未 编 | |
| 分册: | ||
| 出版信息: | 北京 世界图书出版公司 1998.09 |
|
| 页数: | 309页 | |
| 开本: | 32开 | |
| 丛书名: | ||
| 单 册: | ||
| 中图分类: | G649.611-62 | |
| 科图分类: | ||
| 主题词: | 各级 , 教育 | |
| 电子资源: | ||
| ISBN: | 7-5062-3394-0 | |
| 000 | 00584nam0 2200205 45 | |
| 001 | 0003221624 | |
| 005 | 20000322160958.0 | |
| 010 | @a7-5062-3394-0@d13.00元 | |
| 100 | @a20000322d1998 km y0chiy0120 ea | |
| 101 | @achi | |
| 105 | @a z 000yy | |
| 200 | 1 | @a赴澳大利亚留学指南@AFu Ao Da Li Ya Liu Xue Zhi Nan@f胡本未 等编@FHu Ben Wei Deng Bian |
| 210 | @a北京@c世界图书出版公司@d1998.09 | |
| 215 | @a309页@d32开 | |
| 606 | 0 | @x各级 |
| 606 | 0 | @a教育 |
| 690 | @aG649.611-62@v3 | |
| 701 | @a胡本未@4编 | |
| 801 | @aCN@bPftUser@c20000322 | |
| 905 | @f2@b51594-595@dG649.611-62@eH521 | |
| 赴澳大利亚留学指南/胡本未 等编.-北京:世界图书出版公司,1998.09 |
| 309页;32开 |
| ISBN 7-5062-3394-0:13.00元 |
| ● |
| 相关链接 |
|
|
|
正题名:赴澳大利亚留学指南
索取号:G649.611-62/H521
 
预约/预借
| 序号 | 登录号 | 条形码 | 馆藏地/架位号 | 状态 | 备注 |
| 1 | 51594 | 200515941 | 社科库409/409社科库 15排4列1层/ [索取号:G649.611-62/H521] | 在馆 | |
| 2 | 51595 | 200515950 | 社科库409/409社科库 15排4列1层/ [索取号:G649.611-62/H521] | 在馆 |